000 00515nam a2200145 a 4500
008 120416s1987 ||||||||||||||||| || u
020 _a0406503206
050 _aHG 3853.7 Mar
100 _aMartin, Ian J
245 1 0 _aAccounting in the foreign exchange market
260 _aLondon
_bButterworths
_c1987
300 _axii, 310p. : ill
350 _a0.00
995 _D0.00
_FCBU-MAIN LIBRARY (Kitwe)
_H1
_I35.00
_M1
_UAVAILABLE
_ZMain Library Open Access Collection
999 _c33346
_d33346